Metodika spracovania výsledkov vybraných meraní v oblasti teploty v JE

Salvato in:
Dettagli Bibliografici
Autore principale: Chabreček, Jozef (Autore)
Altri autori: Ďuriš, Stanislav (Relatore della tesi)
Natura: Manoscritto Libro
Lingua:slovacco
Pubblicazione: 2016
Soggetti:
Accesso online:http://is.stuba.sk/zp/portal_zp.pl?podrobnosti=120465
Tags: Aggiungi Tag
Nessun Tag, puoi essere il primo ad aggiungerne!!

MARC

LEADER 00000ntm a22000003a 4500
001 stuzp58257
003 SK-STU
005 20160719155517.5
007 ta
008 150427s2015----xo-----f-mn---000-0-slo-d
040 |a STU  |b slo 
041 0 |a slo 
100 1 |a Chabreček, Jozef  |u 020020  |k Z4  |4 aut  |U SjF Strojnícka fakulta  |T SjF Ústav automatizácie, merania a aplikovanej informatiky  |X 44331  |U J0020  |Y 802  |7 A000044331 
242 0 1 |a The methodology of results processing of chosen temperature measurements in nuclear power plant  |y eng 
245 1 0 |a Metodika spracovania výsledkov vybraných meraní v oblasti teploty v JE 
260 |c 2016 
650 4 |a teplota  |2 slo 
650 4 |a termoelektrický snímač teploty  |2 slo 
650 4 |a neistota merania  |2 slo 
650 4 |a kalibrácia  |2 slo 
650 4 |a merací proces  |2 slo 
650 4 |a thermocouple temperature sensor  |2 eng 
650 4 |a temperature  |2 eng 
650 4 |a process of measurement  |2 eng 
650 4 |a calibration  |2 eng 
650 4 |a measurement uncertainty  |2 eng 
700 1 |a Ďuriš, Stanislav  |u 020020  |k Z1  |4 ths  |U SjF Strojnícka fakulta  |T SjF Ústav automatizácie, merania a aplikovanej informatiky  |X 36537  |U J0020  |Y 802  |7 A000036537 
856 4 |u http://is.stuba.sk/zp/portal_zp.pl?podrobnosti=120465 
996 |b 284J044079  |c J* 2369/DP  |l JJSK  |s A  |a 24  |w stuzp58257_0001 
SQL |a stuzp58257  |b DDP  |c SLO  |d Metodika spracovania výsledkov vybraných meraní v oblasti teploty v JE  |e 44331  |f Chabreček, Jozef  |g 020020  |h 36537  |i Ďuriš, Stanislav  |j 20160615  |k 648  |l 02  |m http://is.stuba.sk/zp/portal_zp.pl?podrobnosti=120465  |n I-MESK  |o 5.2.53. meranie